00353nam a2200109Ia 4500008004100000040001700041041001200058082001500070245009800085260005000183300001000233230917s9999||||xx |||||||||||||| ||und|| e179956aMAIN aEnglish a34:368 U3P 4aThe Public liability insurance act, 1991 alongwith the public liability insurance rules, 1991 aNew DelhibUniversal Law Publishing Co.c2001 a26 p.